| 000 | 00981nam a2200205 i 4500 | ||
|---|---|---|---|
| 001 | 166435 | ||
| 003 | ES-MaACL | ||
| 005 | 20250805063307.0 | ||
| 008 | 940206m18531856fr |||| | fre d | ||
| 040 |
_aCAM _bspa |
||
| 100 | 0 |
_aTomás de Aquino, _cSanto _9110514 |
|
| 245 | 1 | 3 |
_aLa somme théologique de Saint Thomas _b: latin-françois en regard avec des notes theologiques, historiques et philogiques... ; avec un lexique pour tous les termes scolastiques... / _cpar M. l'abbé Drioux,... |
| 260 |
_aParis : _bEugene Belin, _c1853-1855. |
||
| 300 |
_a9 .v. ; _c22 cm. |
||
| 505 | 8 | _aContiene t.I, 1853 (XXXI, 579 p.), t.II, 1853 (666 p.), t.III, 1854 (747 p.), t.IV, 1854 (592 p.), t.V, 1854 (668 p.), t.VI, 1855 (656 p.), t.VII, 1855 (695 p.), t.VIII, 1855 (752 p.) y t.IX, 1855 (678 p.) | |
| 650 | 7 |
_aTeología _2embne _917457 |
|
| 700 | 1 |
_aDrioux, Claude-Joseph, _d1820-1898 _9165241 |
|
| 852 |
_aES-MaACL _jF-6874-82 _z-- Enc. hol. |
||
| 999 |
_c166435 _d166435 |
||